| 000 | 00963nam a22002177a 4500 | ||
|---|---|---|---|
| 005 | 20110729155159.0 | ||
| 010 | _aB-441247 | ||
| 020 |
_a9788123707532 _c130.00 |
||
| 035 | _aB-441247 | ||
| 037 | _bAllied Publishers | ||
| 082 | _a791.430233092 | ||
| 100 |
_aDas Gupta, Chidananda _930554 |
||
| 245 |
_aThe cinema of Satyajit Ray / _cby Chidananda Das Gupta |
||
| 260 |
_aNew Delhi _bNational Book Trust _c2008(repr.). |
||
| 270 |
_aNehru Bhawan, 5 Institutional Area, Phase-II, Vasant Kunj _bNew Delhi _e110070 |
||
| 300 |
_axv, 204p _c26cm(pbk) _bb&w photos |
||
| 700 | _95645 | ||
| 942 |
_2ddc _cEN _mDAS _h791.430233092 |
||
| 999 |
_c54367 _d54367 |
||